000
00281nam a2200121Ia 4500
008
220120s9999||||xx |||||||||||||| ||und||
082
_a
005.1 BAN
100
_a
Banerjee
245
0
_a
Sprite of C and data structures
260
_b
New Delhi
300
_b
0
650
_a
MATHEMATICS
999
_c
136365
_d
136365